Memorias de los años de 1814 y 1820 al 24 / (Record no. 47317)

MARC details
000 -LEADER
campo de control de longitud fija 00692nam a2200205 i 4500
001 - NÚMERO DE CONTROL
campo de control 47317
003 - IDENTIFICADOR DE NÚMERO DE CONTROL
campo de control ES-MaACL
005 - FECHA Y HORA DE LA ÚLTIMA TRANSACCIÓN
campo de control 20230906161536.0
007 - CAMPO FIJO DE DESCRIPCIÓN FÍSICA--INFORMACIÓN GENERAL
campo de control de longitud fija t|
008 - DATOS DE LONGITUD FIJA--INFORMACIÓN GENERAL
campo de control de longitud fija 030407s1858 sp ||||1| spa d
080 ## - NÚMERO DE LA CLASIFICACIÓN DECIMAL UNIVERSAL
Número de la Clasificación Decimal Universal 929 Copons y Navia, Francisco de
100 1# - ENTRADA PRINCIPAL--NOMBRE DE PERSONA
Nombre de persona Copons y Navia, Francisco de
Títulos y otros términos asociados al nombre Conde de Tarifa.
9 (RLIN) 40417
245 10 - MENCIÓN DEL TÍTULO
Título Memorias de los años de 1814 y 1820 al 24 /
Mención de responsabilidad, etc. escritas por Francisco Copons y Navia.
260 ## - PUBLICACIÓN, DISTRIBUCIÓN, ETC.
Lugar de publicación, distribución, etc. Madrid :
Nombre del editor, distribuidor, etc. Atlas,
Fecha de publicación, distribución, etc. 1858.
300 ## - DESCRIPCIÓN FÍSICA
Extensión 258 p., 2 h. pleg., 1 lám. ;
Dimensiones 12 cm.
599 ## - NOTA A LAS ILUSTRACIONES
NOTA A LAS ILUSTRACIONES Lám.: retrato del autor.
600 14 - PUNTO DE ACCESO ADICIONAL DE MATERIA--NOMBRE DE PERSONA
Nombre de persona Copons y Navia, Francisco de,
Títulos y otros términos asociados al nombre Conde de Tarifa.
9 (RLIN) 40417
852 4# - LOCALIZACIÓN
Ubicación ES-MaACL
Número de control de estantería F-4036
852 4# - LOCALIZACIÓN
Ubicación ES-MaACL
Número de control de estantería T-70-F-6
Holdings
Estatus retirado Estado de pérdida Estado de daño No para préstamo Colección Biblioteca de origen Biblioteca actual Ubicación en estantería Fecha de adquisición Fuente de adquisición Total de préstamos Signatura topográfica completa Código de barras Visto por última vez Precio de reemplazo Tipo de ítem Koha
        Colección de folletos Biblioteca del Ateneo de Madrid Biblioteca del Ateneo de Madrid Depósito folletos 17/01/2008     T-70-F-6 1049765 23/02/2023 23/02/2023 Folleto
        Libros del s. XIX Biblioteca del Ateneo de Madrid Biblioteca del Ateneo de Madrid Depósito 2 17/01/2008     F-4036 1049764 23/02/2023 23/02/2023 Libro impreso antiguo